000 005190000a22001690004500
003 MACL
005 20160304165752.0
008 160304b xxu||||| |||| 00| 0 eng d
040 _aMACL
_cMACL
041 _aHindi
082 _a891.432
100 _aकन्‍हैयालाल माणिकलाल मुन्‍शी
_942845
245 _aकाका की शशी
260 _bकिताब महल
_c1957
_aइलाहाबाद
650 _aDrama
_942846
942 _cHIN
_k891.432
_2ddc
999 _c24603
_d24603